|
|
|
|
| LEADER |
00000naa0a2200000 4500 |
| 001 |
594387 |
| 005 |
20250206160548.0 |
| 029 |
0 |
0 |
|a SU
|b 582-ХП-85
|f ОНИИТЭХим
|
| 035 |
|
|
|a (RuTPU)RU\TPU\tpu\9521
|
| 035 |
|
|
|a RU\TPU\tpu\9520
|
| 090 |
|
|
|a 594387
|
| 100 |
|
|
|a 20020926d1985 k y0rusy50 ca
|
| 101 |
0 |
|
|a rus
|
| 102 |
|
|
|a RU
|
| 200 |
1 |
|
|a Разработка технологии гранулирования дисперсных шихт для производства специальных стекол
|f В. А. Трофимов [и др.]
|
| 300 |
|
|
|a Деп. в ОНИИТЭХим г. Черкассы 13.06.85, № 582-ХП-85.
|
| 463 |
|
|
|t Материалы научно-практической конференции, посвященной 85-летию ХТФ (Томск, 21-23 мая 1985 г.)
|o секция процессы, машины и аппараты химических производств
|v С. 61-63
|d 1985
|
| 610 |
1 |
|
|a труды учёных ТПУ
|
| 701 |
|
1 |
|a Трофимов
|b В. А.
|c кандидат технических наук
|c ХТФ
|f 1937-
|3 (RuTPU)RU\TPU\pers\3683
|
| 701 |
|
1 |
|a Лотова
|b Л. Г.
|c кандидат технических наук
|c ХТФ
|f 1941-
|3 (RuTPU)RU\TPU\pers\3685
|
| 701 |
|
1 |
|a Крашенинникова
|b Н. С.
|c ХТФ
|g Надежда Сергеевна
|3 (RuTPU)RU\TPU\pers\6310
|
| 701 |
|
1 |
|a Зенина
|b Р. И.
|c ХТФ
|f 1963-
|g Рита Ивановна
|3 (RuTPU)RU\TPU\pers\6311
|
| 801 |
|
2 |
|a RU
|b 63413507
|c 20100210
|g PSBO
|
| 942 |
|
|
|c BK
|